Statistics for Premier League Players by Number - 2

Click here to take the quiz!

General Stats

  • This quiz has been taken 14 times
  • The average score is 8 of 19

Answer Stats

PositionClubNationPlayer% Correct
DFChelseaGermanyAntonio Rudiger
78%
DFArsenalSpainHector Bellerin
78%
DFManchester CityEnglandKyle Walker
78%
DFTottenham HotspurIrelandMatt Doherty
78%
DFManchester UnitedSwedenVictor Lindelof
78%
DFAston VillaEnglandMatty Cash
67%
DFWest Ham UnitedNew ZealandWinston Reid
56%
DFNewcastle UnitedIrelandCiaran Clark
44%
DFCrystal PalaceEnglandJoel Ward
33%
DFLeeds UnitedEnglandLuke Ayling
33%
DFBurnleyEnglandMatthew Lowton
33%
DFNorwich CityEnglandMax Aarons
33%
DFBrighton & Hove AlbionEnglandTariq Lamptey
33%
DFLeicester CityEnglandJames Justin
22%
DFWatfordEnglandJeremy Ngakia
22%
DFWolvesNetherlandsKi-Jana Hoever
22%
DFSouthamptonEnglandKyle Walker-Peters
22%
DFEvertonEnglandJonjoe Kenny
11%
DFBrentfordEnglandDominic Thompson
0%

Score Distribution

Percentile by Number Answered

Percent of People with Each Score

Your Score History

You have not taken this quiz